000
00190nam a2200073Ia 4500
008
170617s9999 xx 000 0 und d
100
_a
Kasture-A.G/Wadodkar
245
0
_a
Pharmaceutical Inorganic Chemistry
260
_b
Narosa
999
_c
14919
_d
14919